Manual de Historia universal

Gespeichert in:
Bibliographische Detailangaben
1. Verfasser: Ott, Auguste
Format: keine Angabe
Sprache:Spanisch
Erschienen: Madrid Gabinete Literario 1841
Katalog:MANES:  Suchergebnis im Bibliothekskatalog
Schulbuchspezifische Eigenschaften:
Tags: Tag hinzufügen
Keine Tags, Fügen Sie den ersten Tag hinzu!
Hinzugefügt zu:26.04.2016

MARC

LEADER 000000000a22000000004500
001 35411
003 OSt
008 160427s sp ||||| |||| 00| 0 spa d
040 |a manes  |c manes 
041 |a Español 
100 1 |a Ott, Auguste  |9 21052 
245 0 0 |a Manual de Historia universal 
260 3 |a Madrid  |b Gabinete Literario  |c 1841 
300 |a T. I.: 286, T. II.: 363 p.  |c 17 cm 
330 |a 2 v. 
500 |a Signatura: T35/16-17. Enc. hol.  
690 7 |a HI 
691 0 |a SE 
942 |2 ddc  |c BK 
546 |a España 
999 |c 42409  |d 42409 
999 |c manes:42409  |d 42409